Paso a paso construimos paz / (Registro nro. 11584)
[ vista simple ]
| 000 -LEADER | |
|---|---|
| fixed length control field | 00697nam a2200229Ia 4500 |
| 003 - CONTROL NUMBER IDENTIFIER | |
| control field | OSt |
| 005 - DATE AND TIME OF LATEST TRANSACTION | |
| control field | 20220318151035.0 |
| 008 - FIXED-LENGTH DATA ELEMENTS--GENERAL INFORMATION | |
| fixed length control field | 210310s9999 xx 000 0 und d |
| 020 ## - INTERNATIONAL STANDARD BOOK NUMBER | |
| International Standard Book Number | 0 |
| 040 ## - CATALOGING SOURCE | |
| Original cataloging agency | CO-JMCR |
| Transcribing agency | CO-JMCR |
| 041 0# - LANGUAGE CODE | |
| Language code of text/sound track or separate title | spa |
| 082 04 - DEWEY DECIMAL CLASSIFICATION NUMBER | |
| Classification number | H / |
| Item number | PASp |
| 100 ## - MAIN ENTRY--PERSONAL NAME | |
| Personal name | #N/A |
| 9 (RLIN) | 18116 |
| 245 #0 - TITLE STATEMENT | |
| Title | Paso a paso construimos paz / |
| 260 ## - PUBLICATION, DISTRIBUTION, ETC. | |
| Place of publication, distribution, etc. | [Bogotá] : |
| Name of publisher, distributor, etc. | Agencia Colombiana para la Reintegración, |
| Date of publication, distribution, etc. | [2014?] |
| 300 ## - PHYSICAL DESCRIPTION | |
| Other physical details | [24] páginas sin numerar : ilustraciones a color ; 25 cm |
| 440 ## - SERIES STATEMENT/ADDED ENTRY--TITLE | |
| Title | 0 |
| 9 (RLIN) | 25912 |
| 500 ## - GENERAL NOTE | |
| General note | 0 |
| 505 ## - FORMATTED CONTENTS NOTE | |
| Formatted contents note | 0 |
| 650 ## - SUBJECT ADDED ENTRY--TOPICAL TERM | |
| Topical term or geographic name entry element | Tiras comicas, historietas, etc. Novela colombiana -- Siglo XX Novela gráfica Paz -- Colombia -- Novela |
| 9 (RLIN) | 25913 |
| 942 ## - ADDED ENTRY ELEMENTS (KOHA) | |
| Source of classification or shelving scheme | Dewey Decimal Classification |
| Koha item type | Books |
| Withdrawn status | Lost status | Damaged status | Not for loan | Home library | Current library | Date acquired | Total Checkouts | Barcode | Date last seen | Date last checked out | Price effective from | Koha item type |
|---|---|---|---|---|---|---|---|---|---|---|---|---|
| Biblioteca Pública José María del Castillo y Rada | Biblioteca Pública José María del Castillo y Rada | 03/10/2021 | 3 | 430013133 | 10/31/2025 | 10/31/2025 | 03/10/2021 | Books |